| Tag |
First Indicator |
Second Indicator |
Subfields |
| LEADER |
00000cam a2200000 a 4500 |
| 001 |
in00000006124 |
| 007 |
he bmb024bbca |
| 008 |
990823s1998 dcua bb f000 0 eng c |
| 005 |
20230331144426.2 |
| 035 |
|
|
|a (OCoLC)ocm44423378
|
| 035 |
|
|
|9 AJK1318AM
|
| 035 |
|
|
|a in00000006124
|
| 037 |
|
|
|a 161228
|b GAO (202) 512-6000 (voice); (202) 512-6061 (Fax)
|f paper copy
|
| 040 |
|
|
|a LOL
|c LOL
|d OCL
|d GPO
|d OCLCQ
|d GPO
|d DLC
|d MvI
|d UtOrBLW
|
| 042 |
|
|
|a pcc
|
| 043 |
|
|
|a n-us-dc
|
| 049 |
|
|
|a UMIC
|a WWW
|
| 074 |
|
|
|a 0546-D (MF)
|
| 074 |
|
|
|a 0546-D (online)
|
| 086 |
0 |
|
|a GA 1.13:HEHS-99-1
|
| 088 |
|
|
|a GAO/HEHS-99-1
|
| 088 |
|
|
|a B-280461
|
| 110 |
1 |
|
|a United States.
|b General Accounting Office.
|
| 245 |
1 |
0 |
|a District of Columbia :
|b extent to which schools receive available federal education grants : report to the Chairman, Subcommittee on the District of Columbia, Committee on Government Reform and Oversight, House of Representatives /
|c United States General Accounting Office.
|
| 246 |
3 |
0 |
|a Extent to which schools receive available federal education grants
|
| 264 |
|
1 |
|a Washington, D.C. (P.O. Box 37050, Washington 20013) :
|b The Office,
|c [1998]
|
| 300 |
|
|
|a 35 pages :
|b illustrations ;
|c 28 cm.
|
| 336 |
|
|
|a text
|b txt
|2 rdacontent
|
| 337 |
|
|
|a microform
|b h
|2 rdamedia
|
| 338 |
|
|
|a microfiche
|b he
|2 rdacarrier
|
| 500 |
|
|
|a Cover title.
|
| 500 |
|
|
|a "October 1998."
|
| 500 |
|
|
|a Shipping list number: 99-0717-M.
|
| 500 |
|
|
|a Shipping List Date: 07/26/99
|
| 504 |
|
|
|a Includes bibliographical references.
|
| 500 |
|
|
|a "GAO/HEHS-99-1."
|
| 500 |
|
|
|a "B-280461"--P. [1].
|
| 533 |
|
|
|a Microfiche.
|b [Washington, D.C.] :
|c U.S. General Accounting Office,
|d [1999?].
|e 1 microfiche : negative.
|
| 530 |
|
|
|a Also available via Internet from the GPO Access web site. Address as of 3/29/02: http://frwebgate.access.gpo.gov/cgi-bin/getdoc.cgi?dbname=gao&docid=f:he99001.pdf; current access is available via PURL.
|
| 500 |
|
|
|a Microform.
|
| 610 |
2 |
0 |
|a Public Schools of the District of Columbia
|x Appropriations and expenditures
|x Evaluation.
|
| 650 |
|
0 |
|a Federal aid to education
|z Washington (D.C.)
|
| 650 |
|
0 |
|a Public schools
|z Washington (D.C.)
|x Finance.
|
| 710 |
1 |
|
|a United States.
|b Congress.
|b House.
|b Committee on Government Reform and Oversight.
|b Subcommittee on the District of Columbia.
|
| 856 |
4 |
1 |
|u https://purl.fdlp.gov/GPO/LPS18424
|z Adobe Acrobat Reader required
|t 0
|
| 999 |
|
|
|a MARS
|
| 999 |
f |
f |
|i 49605e19-0564-30b6-8b99-6275e2c6f672
|s 8f1d9625-a98d-39df-9562-2bafc193d912
|t 0
|
| 952 |
f |
f |
|p normal
|a Texas A&M University
|b College Station
|c Sterling C. Evans Library
|d Evans: US Documents Microfiche (3rd floor)
|t 0
|e GA 1.13:HEHS-99-1
|h Superintendent of Documents classification
|i microform -- microfiche
|m A14824307798
|
| 952 |
f |
f |
|a Texas A&M University
|b College Station
|c Electronic Resources
|d Available Online
|t 0
|e GA 1.13:HEHS-99-1
|h Superintendent of Documents classification
|
| 998 |
f |
f |
|a GA 1.13:HEHS-99-1
|t 0
|l Available Online
|
| 998 |
f |
f |
|a GA 1.13:HEHS-99-1
|t 0
|l Evans: US Documents Microfiche (3rd floor)
|